| 000 | 00495nam a2200205Ia 4500 | ||
|---|---|---|---|
| 008 | 170918s9999 xx 000 0 und d | ||
| 020 | _a9780545077316 | ||
| 050 | _bD321 2007 | ||
| 100 | _aDeGroat, Diane | ||
| 245 | _aLast one in is a rotten egg! / | ||
| 245 | _cDiane DeGroat. | ||
| 260 | _aNew York : | ||
| 260 | _bScholastic, | ||
| 260 | _c2007 | ||
| 300 | _aunpaged : | ||
| 300 | _bcolored illustration ; | ||
| 300 | _c26cm. | ||
| 440 | _aGolbert and friends. | ||
| 500 | _a490 | ||
| 999 |
_c341406 _d341406 |
||